Brave enough /

Around the world, people have found inspiration in the words of Cheryl Strayed, who in her three prior books and in her "Dear Sugar" columns has shared the twists and trials of her remarkable life. Her honesty, spirit, and ample supply of tough love have enabled many to somehow put one foo...

Full description

Bibliographic Details
Main Author: Strayed, Cheryl, 1968-
Format: Book
Language:English
Published: New York : Alfred A. Knopf, 2015.
Edition:First edition.
Subjects:

MARC

Tag First Indicator Second Indicator Subfields
LEADER 00000cam a22000008i 4500
001 in00003616321
005 20170928105921.0
008 150817s2015 nyu 000 0 eng
010 |a  2015024307 
019 |a 927291163 
020 |a 9781101946909 (hardback) 
020 |a 1101946903 (hardback) 
020 |a 9781101946916 (ebook) 
020 |a 1101946911 (ebook) 
035 |a (OCoLC)ocn913844838 
035 |a (OCoLC)913844838  |z (OCoLC)927291163 
040 |a DLC  |b eng  |e rda  |c DLC  |d YDXCP  |d BTCTA  |d BDX  |d OCLCO  |d OCLCF  |d NYP  |d CDX  |d LPU  |d NDS  |d UtOrBLW 
042 |a pcc 
049 |a TXAM 
050 0 0 |a PS3619.T744  |b A6 2015 
082 0 0 |a 818/.6  |2 23 
084 |a SEL021000  |a LCO010000  |2 bisacsh 
100 1 |a Strayed, Cheryl,  |d 1968-  |0 http://id.loc.gov/authorities/names/n2015050473 
240 1 0 |a Works.  |k Selections 
245 1 0 |a Brave enough /  |c Cheryl Strayed. 
250 |a First edition. 
264 1 |a New York :  |b Alfred A. Knopf,  |c 2015. 
300 |a xv, 135 pages ;  |c 18 cm 
336 |a text  |b txt  |2 rdacontent 
337 |a unmediated  |b n  |2 rdamedia 
338 |a volume  |b nc  |2 rdacarrier 
520 |a Around the world, people have found inspiration in the words of Cheryl Strayed, who in her three prior books and in her "Dear Sugar" columns has shared the twists and trials of her remarkable life. Her honesty, spirit, and ample supply of tough love have enabled many to somehow put one foot in front of the other and be brave enough. This book gathers more than 100 of Strayed's thoughts -- "mini instruction manuals for the soul" that urge us toward the incredible capacity for love, compassion, forgiveness, and endurance that is within us all. Be brave enough to break your own heart. You can't ride to the fair unless you get on the pony. Keep walking. Acceptance is a small, quiet room. Romantic love is not a competitive sport. Forward is the direction of real life. Ask yourself: What is the best I can do? And then do that. 
600 1 0 |a Strayed, Cheryl,  |d 1968-  |0 http://id.loc.gov/authorities/names/n2005026589 
650 0 |a Motivation (Psychology)  |v Quotations, maxims, etc.  |0 http://id.loc.gov/authorities/subjects/sh2010102568 
650 7 |a SELF-HELP / Motivational & Inspirational.  |2 bisacsh 
650 7 |a LITERARY COLLECTIONS / Essays.  |2 bisacsh 
600 1 7 |a Strayed, Cheryl,  |d 1968-  |2 fast  |0 (OCoLC)fst01917211 
655 7 |a Quotations.  |2 fast  |0 (OCoLC)fst01423792 
948 |a cataloged  |b h  |c 2016/1/8  |d c  |e ceaton  |f 10:33:46 am 
994 |a C0  |b TXA 
999 f f |s a9763474-0a95-3d71-a394-5f0d2037b795  |i 0c3d04e9-b0a3-3760-848e-c1437426d769  |t 0 
952 f f |p normal  |a Texas A&M University  |b College Station  |c Sterling C. Evans Library  |d Evans: Library Stacks  |t 0  |e PS3619.T744 A6 2015  |h Library of Congress classification  |i unmediated -- volume  |m A14843287021 
998 f f |a PS3619.T744 A6 2015  |t 0  |l Evans: Library Stacks